Statystyki dla Najwyższe budynki w Warszawie

Kliknij tutaj aby rozwiązać quiz!

Ogólne statystyki

  • Ten quiz został rozwiązany 29 razy
  • Średni wynik to 9 z 15

Statystyki odpowiedzi

WysokośćDzielnicaBudynek% Poprawnych
237Śródmieście PółnocePałac Kultury
100%
310MirówVarso
94%
220MirówWarsaw Spire
81%
192Śródmieście PółnoceZłota 44
81%
195Śródmieście PółnoceQ22
63%
192Śródmieście PółnoceRondo 1
63%
170Sródmieście PołudnioweCentrum LIM(Marriott)
56%
164Śródmieście PółnoceInterContinental Warszawa
56%
208MirówWarsaw Trade Tower
56%
160Śródmieście PółnoceCosmopolitan
44%
202MirówWarsaw Unit
44%
150Sródmieście PołudnioweCh8(Intraco II)
38%
195CzysteSkyliner
38%
155Śródmieście PółnoceSkysawa
38%
165Śródmieście PółnoceWarsaw Financial Center
31%

Rozkład punktacji

Percentyl według liczby udzielonych odpowiedzi

Procent ludzi z każdym wynikiem

Twoja historia wyników

Nie rozwiązałeś tego quizu